Сверхсветовые явления приводят к новому взгляду на проблему времени; Атомная техника за рубежом; № 10

Podrobná bibliografie
Parent link:Атомная техника за рубежом: научно-технический журнал/ Росатом; Государственная корпорация по атомной энергии; Ядерное общество России (ЯОР).— , 1957-.— 0320-9326
№ 10.— 2002.— С. 31-34
Hlavní autor: Шор Г.
Další autoři: Бронников В. А. (переводчик)
Jazyk:ruština
Vydáno: 2002
Edice:Переводы
Témata:
Médium: Kapitola
KOHA link:https://koha.lib.tpu.ru/cgi-bin/koha/opac-detail.pl?biblionumber=384076

MARC

LEADER 00000naa2a2200000 4500
001 384076
005 20231101063216.0
035 |a (RuTPU)RU\TPU\prd\10393 
090 |a 384076 
100 |a 20030204a2002 k y0rusy50 ca 
101 0 |a rus 
102 |a RU 
200 1 |a Сверхсветовые явления приводят к новому взгляду на проблему времени  |f Г. Шор  |g Пер. В. А. Бронников 
225 1 |a Переводы 
461 1 |0 (RuTPU)RU\TPU\prd\1300  |x 0320-9326  |t Атомная техника за рубежом  |o научно-технический журнал  |f Росатом; Государственная корпорация по атомной энергии; Ядерное общество России (ЯОР)  |d 1957- 
463 1 |0 (RuTPU)RU\TPU\prd\9184  |t № 10  |v С. 31-34  |d 2002 
610 1 |a фотоны 
610 1 |a свет 
610 1 |a сверхсветовое движение 
610 1 |a кривизна пространства времени 
610 1 |a тензор энергии-импульса 
610 1 |a принцип эквивалентности 
610 1 |a гравитация 
610 1 |a квантовая электродинамика 
610 1 |a специальная теория относительности 
610 1 |a общая теория относительности 
610 1 |a скорость 
675 |a 530.1(075.8)  |v 3 
700 1 |a Шор  |b Г. 
702 1 |a Бронников  |b В. А.  |4 730 
801 1 |a RU  |b 63413507  |c 20030204  |g PSBO 
801 2 |a RU  |b 63413507  |c 20160204  |g RCR 
942 |c BK